Library of the University of Algiers 3
Ibrahim Sultan Cheibout
شعار جامعة الجزائر 3
مكتبة جامعة الجزائر 3
إبراهيم سلطان شيبوط

الإستثمار الجماعي في الحقوق الآجلة : (رقم التسجيلة. 45709)

تفاصيل مارك
000 -LEADER
fixed length control field 01128nam a2200217Ia 4500
003 - CONTROL NUMBER IDENTIFIER
control field Ost
005 - DATE AND TIME OF LATEST TRANSACTION
control field 20260507075656.0
008 - FIXED-LENGTH DATA ELEMENTS--GENERAL INFORMATION
fixed length control field 260507s9999||||xx |||||||||||||| ||und||
020 ## - INTERNATIONAL STANDARD BOOK NUMBER
International Standard Book Number 977M00235
040 ## - CATALOGING SOURCE
Transcribing agency fsecg
041 ## - LANGUAGE CODE
Language code of text/sound track or separate title ara
082 ## - DEWEY DECIMAL CLASSIFICATION NUMBER
Classification number 346.07
100 ## - MAIN ENTRY--PERSONAL NAME
Personal name فضلى، هشام
Relator term مؤلف
245 #0 - TITLE STATEMENT
Title الإستثمار الجماعي في الحقوق الآجلة :
Remainder of title التوريق /
Statement of responsibility, etc. هشام فضلى
260 ## - PUBLICATION, DISTRIBUTION, ETC.
Place of publication, distribution, etc. الاسكندرية:
Name of publisher, distributor, etc. دار الفكر الجامعي,
Date of publication, distribution, etc. 2004
300 ## - PHYSICAL DESCRIPTION
Extent 184 صفحة؛
Other physical details إيضاحات ؛
Dimensions 24 سم
504 ## - BIBLIOGRAPHY, ETC. NOTE
Bibliography, etc. note المراجع ص.173
520 ## - SUMMARY, ETC.
Summary, etc. الاستثمار الجماعي في حالة السكون، الشكل القانوني للاستثمار الجماعي من منظور كلي، الشكل القانوني للاستثمار الجماعي من منظور جزئي، الاستثمار الجماعي في حالة الحركة، حوالة محفظة الحقوق وتكوين محل الاستثمار، اصدار الصكوك المالية وتنفيذ عملية الاستثمار.
653 ## - INDEX TERM--UNCONTROLLED
Uncontrolled term الاستثمار
942 ## - ADDED ENTRY ELEMENTS (KOHA)
Koha item type كتب

لا توجد مواد متاحة.

موارد الويب المفتوحة


© University of Algiers 3 All Rights Reserved
|
Implemented by LECHELAH Riad